1913 1135 1607 1383 1760 1067 1675 1954 1208 1608 1788 1263 1168 1105 1406 1885 1334 1854 1009 1617 1881 1223 1531 1559 1046 1144 1153 1849 1365 1210 1721 1090 1115 1997 1181 1895 1299 1617 1294 1569 1342 1175 1121 1818 1977 1258 1122 1753 1292 1362 1363 1535 1374 1491 1328 1008 1774 1166 1207 1381 1011 1881 1987 1371 1382 1752 1991 1406 1439 1032 1959 1439 1225 1627 1589 1615 1647 1734 1128 1912 1839 1256 1951 1193 1560 1157 1267 1250 1201 1924 1885 1390 1034 1164 1229 1675 1739 1897 1593 BCNSPRNW ULIB Ver.6.0+V

เปลี่ยนเป็นภาษาไทย

Change to English
 แสดงรายละเอียดบรรณานุกรม
  กลับหน้าหลัก

Brief Record : Get Marc (ISO 2709) : E-mail record : QR code < ปิดหน้าต่าง
LEADER : 00000nam 2200000uu 4500
001    13399111681
003     ULIB
008    110705s2553||||th 000 0 tha d
020    ^a9789749803776(ล.3)
060 04 WY105^bส627ป ล.3 2553
110 1  มหาวิทยาลัยสุโขทัยธรรมาธิราช^bสาขาวิชาพยาบาลศาสตร์.
245 0  ^aประมวลสาระชุดวิชาประเด็นและแนวโน้มทางการบริหารการพยาบาล หน่วยที่ 11-15= ^bIssues and trends in nursing management / ^cสาขาวิชาพยาบาลศาสตร์ มหาวิทยาลัยสุโขทัยธรรมาธิราช.
246 31 ^aชุดวิชาประเด็นและแนวโน้มทางการบริหารการพยาบาล
246 31 ^aประเด็นและแนวโน้มทางการบริหารการพยาบาล
246 31 ^aIssues and trends in nursing management
250    ^aพิมพ์ครั้งที่ 2.
260    ^aนนทบุรี : ^bสำนักพิมพ์ มหาวิทยาลัยสุโขทัยธรรมาธิราช, ^c2553.
300    ^a3 เล่ม : ^bภาพประกอบ, แผนภูมิ ; ^c26 ซม.
650  7 การบริหารการพยาบาล
945    ^p0^l0^i030263
945    ^p0^l0^i030262
945    ^p0^l0^i030261
945    ^p0^l0^i030264
995    ทศพร
999 ^a ใช้งานได้ทุกระบบ
รายการนี้ยังไม่มีแท็ก
คุณยังไม่ได้ล็อกอิน คุณสามารถมีกิจกรรมร่วมกับเว็บไซต์ได้ แต่ต้องล็อกอินก่อน ::
  ล็อกอิน

รายการสื่อสารสนเทศ

ลำดับที่ ประเภท เลขเรียก/บาร์โค้ด สถานที่ สถานะ
1. วิทยาศาสตร์การแพทย์ และสุขภาพ
หนังสือสำรอง
สถานะ=หนังสือสำรอง
WY105 ส627ป ล.3 2553 ฉ.1 
  Barcode: 030261
ห้องสมุดวิทยาเขตสวรรค์ประชารักษ์
►ส่วนจัดเก็บหนังสือเก่า สปร
บนชั้น
  ขอยืม
2. วิทยาศาสตร์การแพทย์ และสุขภาพ
วิทยาศาสตร์การแพทย์ และสุขภาพ
WY105 ส627ป ล.3 2553 ฉ.3 
  Barcode: 030263
ห้องสมุดวิทยาเขตสวรรค์ประชารักษ์
►ส่วนจัดเก็บหนังสือเก่า สปร
บนชั้น
  ขอยืม
3. วิทยาศาสตร์การแพทย์ และสุขภาพ
วิทยาศาสตร์การแพทย์ และสุขภาพ
WY105 ส627ป ล.3 2553 ฉ.4 
  Barcode: 030264
ห้องสมุดวิทยาเขตสวรรค์ประชารักษ์
►ส่วนจัดเก็บหนังสือเก่า สปร
บนชั้น
  ขอยืม

รายการใกล้เคียง
    หัวเรื่อง [การบริหารการพยาบาล]

BibComment


ยังไม่เคยถูกคอมเมนท์

คอมเมนท์ทรัพยากรรายการนี้
  คอมเมนท์: ประมวลสาระชุดวิช..


 Copyright 2026. Bcnsprnw @Library